Andrews by Picture - Statistics

General Stats
  • This quiz has been taken 39 times
  • The average score is 10 of 20
Answer Stats
Picture Answer % Correct
Andy Warhol
86%
Andy Murray
72%
Andrew Jackson
69%
Andrew the Apostle
67%
Andrew Garfield
61%
Andrew Lloyd Webber
61%
Andrew Johnson
58%
Drew Barrymore
53%
Andy Garcia
50%
Andy Griffith
47%
Andy Kaufman
47%
Andrew Tate
44%
Andy Williams
42%
Drew Carey
39%
Andy Dick
33%
Andy Samberg
33%
Drew Brees
33%
Andrew Lincoln
31%
Andy Cohen
22%
Andy Richter
11%
No matching quizzes found
Score Distribution
Percent of People with Each Score
Percentile by Number Answered
Your Score History
You have not taken this quiz